Southampton Current Squad - Statistics

General Stats
  • This quiz has been taken 2,138 times
    446 since last reset
  • The average score is 15 of 30
Answers on the Map
Answers color-coded by a green-red scale on the quiz's map according to % correct below.
 
Answer Stats
# Position Player Nation % Correct
30 GK Aaron Ramsdale
90%
10 MF Adam Lallana
83%
2 DF Kyle Walker-Peters
75%
35 DF Jan Bednarek
68%
8 MF Will Smallbone
66%
33 MF Tyler Dibling
65%
16 DF Yukinari Sugawara Japan
62%
1 GK Alex McCarthy
60%
7 MF Joe Aribo
60%
5 DF Jack Stephens
57%
6 DF Taylor Harwood-Bellis
57%
18 FW Mateus Fernandes
55%
37 DF Armel Bella-Kotchap
54%
Manager Ivan Jurić
53%
20 FW Kamaldeen Sulemana
52%
19 FW Cameron Archer
50%
32 FW Paul Onuachu
50%
24 MF Ryan Fraser
50%
4 MF Flynn Downes
47%
26 MF Lesley Ugochukwu
45%
3 DF Ryan Manning
43%
21 DF Charlie Taylor
34%
11 FW Ross Stewart
33%
14 DF James Bree
32%
28 DF Juan Larios
28%
15 DF Nathan Wood
28%
13 GK Joe Lumley
25%
34 DF Welington
20%
29 MF Albert Grønbæk
19%
39 DF Joachim Kayi Sanda
10%
No matching quizzes found
Score Distribution
Percent of People with Each Score
Percentile by Number Answered
Your Score History
You have not taken this quiz since the last reset